000 00614nam a22002177a 4500
003 UA-OsUOA
001 49563
007 ta
008 20071010b un ||||| |||| 00| 0 ukr d
100 _aГрищук С.
090 _a902
_bГ-12
942 _cSA
040 _aUA-OsUOA
_bukr
_cUA-OsUOA
_dUA-OsUOA
245 _aДарунки від предків. Пролог до премії "Скарб землі Болохівської"
300 _aС.1, 8
955 _a0
041 _aukr
080 _a902
773 0 _w49562
650 7 _a9 Географія. Біографії. Історія
_2UDC
999 _c335664
_d335664